000 00276nam a22001337a 4500
008 180213b xxu||||| |||| 00| 0 eng d
020 _a01976745
041 _aeng
080 _a038
100 _a23
101 _aFJA
245 _aDictionares
_cBailey,R.W
942 _2udc
_cBK
999 _c42430
_d42430